LEADER 01235nam a2200289 u 4500 001 000000021957 003 CaOOAMICUS 005 20070226111054.0 008 950508s1938 it a u000 u ita u 035 $a10546250 040 $aPUL$bita 041 1 $aita$hgrc 100 0 $aHerodas,$dsec. III a.C.$0(OLS)http://pul/name/18708 240 10$aMimiambi$9(Herodas, sec. III a.C.).$lItaliano.$0(OLS)http://pul/title/30666 245 10$aEronda e i mimici minori. /$cCon incisioni di D. Pettinelli. 260 $aBologna :$bN. Zanichelli,$c1938. 300 $axiv, 294 p. :$bill. ;$c21 cm 490 1 $aI poeti greci tradotti da Ettore Romagnoli.$aEronda 700 1 $aRomagnoli, Ettore,$d1871-1938.$0(OLS)http://pul/name/982 830 2$aI poeti greci tradotti da Ettore Romagnoli.$pEronda.$0(OLS)http://pul/title/30668 850 $aPUL 852 $aPUL$W1$xDP1 Fondo Cecchetti$y53$m294 B 39$j30850$nBK-PRI$b $qFondi$B30850$CPULBib$Z2$F30850 $HPUL3655 $81 900 $aEroda,$dsec. III a.C$918708 900 $aEronda,$dsec. III a.C$918708 941 1 $a1 996 $6245$aEronda e i mimici minori.$9(OLS)http://pul/title/30667 996 $6260$aBologna :$bN. Zanichelli$9(OLS)http://pul/publisher/47939 LEADER 00980cam a22002651 4500 001 000000112740 003 CaOOAMICUS 005 20080717121415.0 008 080717s1992 fr 000 u fre r 020 $a2-07-038895-6 040 $aPUL$bita$dLDB 041 1 $afre$hita 100 1 $aFallaci, Oriana,$d1929-2006.$0(OLS)http://pul/name/68576 240 10$aInsciallah.$lFrancese.$0(OLS)http://pul/title/141705 245 10$aInchallah /$cOriana Fallaci ; traduit de l'italien par Victor France. 260 $aParis :$bGallimard,$cc1992. 300 $a871 p. $c18 cm. 490 1 $aFolio ;$v2604 830 0$aFolio ;$v2604.$0(OLS)http://pul/title/141707 850 $aPUL 852 $aPUL$W1$xDP1 Fondo Fallaci$y66$mC X 4$j128955$qFondi$B127938$CPULBib$Z2$F127938 $82 941 1 $a1 996 $6020$a2-07-038895-6$9(OLS)http://pul/number/138481 996 $6245$aInchallah$9(OLS)http://pul/title/141706 996 $6260$aParis :$bGallimard$9(OLS)http://pul/publisher/48435